Hattricks in der Bundesliga seit 2000 - Statistiken

Allgemein
  • Dieses Quiz wurde 141 mal gespielt
    22 seit der letzten Aktualisierung
  • Das Durchschnittsergebnis liegt bei 32 aus 43
Antwortstatistiken
Team Gegner Datum Endstand Nationalität Name % Korrekt
Borussia Dortmund VfB Stuttgart 01.11.2013 6:1 Polen Robert Lewandowski
100%
FC Bayern München VfL Wolfsburg 22.09.2015 5:1 Polen Robert Lewandowski
100%
TSG 1899 Hoffenheim FC Bayern München 18.05.2024 4:2 Kroatien Andrej Kramarić
94%
Werder Bremen 1.FC Köln 05.11.2011 3:2 Peru Claudio Pizarro
94%
Bayer 04 Leverkusen Werder Bremen 14.04.2024 5:0 Deutschland Florian Wirtz
94%
FC Bayern München VfB Stuttgart 19.10.2024 4:0 England Harry Kane
94%
FC Bayern München FC Augsburg 22.11.2024 3:0 England Harry Kane
94%
FC Bayern München Bayer 04 Leverkusen 17.04.2011 5:1 Deutschland Mario Gómez
94%
FC Bayern München SC Freiburg 10.09.2011 7:0 Deutschland Mario Gómez
94%
VfL Wolfsburg Bayer 04 Leverkusen 02.04.2017 3:3 Deutschland Mario Gómez
94%
Bayer 04 Leverkusen SpVgg Fürth 04.12.2021 7:1 Tschechien Patrick Schick
94%
Bayer 04 Leverkusen VfL Bochum 20.12.2023 4:0 Tschechien Patrick Schick
94%
Bayer 04 Leverkusen SC Freiburg 21.12.2024 5:1 Tschechien Patrik Schick
94%
Borussia Dortmund Hamburger SV 05.11.2016 5:2 Gabun Pierre-Emerick Aubameyang
94%
VfB Stuttgart VfL Wolfsburg 07.10.2023 3:1 Guinea Serhou Guirassy
94%
Borussia Dortmund 1.FC Union Berlin 22.02.2025 6:0 Guinea Serhou Guirassy
94%
SC Freiburg 1.FC Union Berlin 13.11.2022 4:1 Italien Vincenzo Grifo
94%
Borussia Dortmund Hertha BSC 21.11.2020 5:2 Norwegen Erling Haaland
89%
FC Bayern München Hannover 96 17.02.2008 3:0 Italien Luca Toni
89%
Eintracht Frankfurt Fortuna Düsseldorf 19.10.2018 7:1 Serbien Luka Jović
89%
Werder Bremen VfL Bochum 25.09.2004 4:1 Deutschland Miroslav Klose
83%
VfL Wolfsburg TSG 1899 Hoffenheim 02.05.2009 4:0 Bosnien-Herzegowinga Edin Džeko
78%
1.FC Köln Hamburger SV 30.10.2016 3:0 Frankreich Anthony Modeste
72%
1.FSV Mainz 05 SC Freiburg 22.11.2020 3:1 Frankreich Jean-Philippe Mateta
72%
SC Freiburg Eintracht Frankfurt 31.01.2015 4:1 Deutschland Nils Petersen
72%
TSG 1899 Hoffenheim Hertha BSC 27.09.2009 5:1 Bosnien-Herzegowinga Vedad Ibišević
72%
Hamburger SV VfB Stuttgart 20.10.2007 4:1 Kroatien Ivica Olić
67%
Bayer 04 Leverkusen Hamburger SV 10.09.2016 3:1 Finnland Joel Pohjanpalo
67%
1.FC Union Berlin Werder Bremen 24.04.2021 3:1 Finnland Joel Pohjanpalo
67%
TSV 1860 München FC St. Pauli 30.03.2002 4:2 Deutschland Martin Max
67%
VfB Stuttgart 1.FC Köln 20.02.2010 5:1 Deutschland Cacau
61%
FC Augsburg Borussia Mönchengladbach 22.02.2025 3:0 Frankreich Alexis Claude-Maurice
56%
TSG 1899 Hoffenheim FC Augsburg 07.04.2019 4:0 Algerien Ishak Belfodil
56%
VfL Bochum RB Leipzig 18.01.2025 3:3 Niederlande Myron Boadu
56%
Bayer 04 Leverkusen Eintracht Frankfurt 14.04.2018 4:1 Deutschland Kevin Volland
50%
Werder Bremen FC Ingolstadt 22.04.2017 4:2 Deutschland Max Kruse
50%
Werder Bremen Hannover 96 19.11.2017 4:0 Deutschland Max Kruse
50%
TSV 1860 München VfL Bochum 01.11.2003 3:1 Deutschland Benjamin Lauth
44%
Borussia Mönchengladbach 1.FC Köln 05.02.2002 4:0 Niederlande Arie van Lent
39%
Hamburger SV 1.FC Nürnberg 06.10.2013 5:0 Deutschland Pierre-Michel Lasogga
39%
1.FC Nürnberg 1.FC Köln 11.03.2006 4:3 Slowakei Róbert Vittek
39%
Hertha BSC Hamburger SV 10.03.2002 6:0 Belgien Bart Goor
22%
Hannover 96 1.FC Nürnberg 08.02.2003 4:2 Kamerun Mohamadou Idrissou
22%
Keine übereinstimmenden Quizze gefunden
Verteilung der Resultate
Anzahl Personen mit jedem Resultat
Perzentil nach korrekt beantworteten Fragen
Ihre Resultats-Entwicklung
Sie haben dieses Quiz seit der letzten Aktualisierung nicht gespielt